Quizzes
Events
Quiz Creation
Community
Videos
Private Events
Remove Ads
Sign In
Join for FREE
Feedback
Dark Mode
Quiz Categories
Sports
Geography
Music
Movies
Television
Just For Fun
Miscellaneous
History
Literature
Language
Science
Gaming
Entertainment
Religion
Holiday
For Kids
Quiz Lab
Recent
Popular Today
Quiz Kudos Today
Editor Picks
Curator Picks
Quizzes by...
Day
Popularity
Type
Ratings
Length
Year
Community
Subscriptions
Recent Discussions
Orange Saloon
Badges
Playlists
Quests
Create
Leaderboards
Showdown
Live 5
Trivia Bingo
Activity
Puzzle Library
Sporcle Events
Private Events
Virtual Trivia
Globe League
Become a Host
Pub Owners
SporcleCon
Opinionation
Our Games
Videos
Blog
Mobile Apps
Partnerships
Remove Ads and Go Orange
Feedback
Movies
Disney
Marvel Cinematic Universe
Movie Resume
Movie Titles
Oscar
Actor
Actress
Director
Pixar
Role
Movie Quotes
Movie Characters
Box Office
Nominee
Best Picture
Star Wars
James Bond
Horror Movies
Movies
Disney
Marvel Cinematic Universe
Movie Resume
Movie Titles
Oscar
Actor
Actress
Director
Pixar
Role
Movie Quotes
Movie Characters
Box Office
Nominee
Best Picture
Star Wars
James Bond
Horror Movies
Random Quiz
Search Sporcle
×
Quiz Lab
Quiz Lab
Movies
Oscar
Type in answers that appear in a list
Type in answers that appear in a list
Classic
Best Score? Go Orange.
Oscar Nominees for Best Original Score Stats
Can you name the Oscar Nominees for Best Original Score
By
EugeneSMcFly
15m
405 Questions
435 Plays
435 Plays
435 Plays
Comments
Comments
Give Quiz Kudos
Give Quiz Kudos
-
- Ratings
hide this ad
Random Order
Randomize order of answers
Randomize order of answers
Replay
Link that replays current quiz
Next Quiz
Link to next quiz in quiz playlist
You Got
0%
They Got
Avg Score
42%
Avg Friend Score
Upgrade to see
Score Distribution
Jump to the score distribution portion of the page
Score
0/405
Timer
15:00
0
Plays Today
Film
Answer
% Correct
Indiana Jones and the Dial of Destiny
John Williams
100%
The Book Thief
John Williams
99.1%
Lincoln
John Williams
99.1%
The Adventures of Tintin
John Williams
99.1%
War Horse
John Williams
99.1%
Memoirs of a Geisha
John Williams
99.1%
Munich
John Williams
99.1%
Harry Potter and the Prisoner of Azkaban
John Williams
99.1%
Catch Me if You Can
John Williams
99.1%
A.I.: Artificial Intelligence
John Williams
99.1%
Harry Potter and the Sorcerer's Stone
John Williams
99.1%
The Patriot
John Williams
99.1%
Angela's Ashes
John Williams
99.1%
Saving Private Ryan
John Williams
99.1%
Amistad
John Williams
99.1%
Sleepers
John Williams
99.1%
Nixon
John Williams
99.1%
Sabrina
John Williams
99.1%
Schindler's List
John Williams
99.1%
JFK
John Williams
99.1%
Home Alone
John Williams
99.1%
Born on the Fourth of July
John Williams
99.1%
Indiana Jones and the Last Crusade
John Williams
99.1%
The Accidental Tourist
John Williams
99.1%
Empire of the Sun
John Williams
99.1%
The Witches of Eastwcik
John Williams
99.1%
Indiana Jones and the Temple of Doom
John Williams
99.1%
The River
John Williams
99.1%
Star Wars: Episode VI -
Return of the Jedi
John Williams
99.1%
E.T.: The Extra-
Terrestrial
John Williams
99.1%
Raiders of the Lost Ark
John Williams
99.1%
Star Wars: Episode V -
The Empire Strikes Back
John Williams
99.1%
Superman
John Williams
99.1%
Close Encounters of the Third Kind
John Williams
99.1%
Star Wars: Episode IV -
A New Hope
John Williams
99.1%
Jaws
John Williams
99.1%
The Towering Inferno
John Williams
99.1%
Cinderella Liberty
John Williams
99.1%
images
John Williams
99.1%
The Poseidon Adventure
John Williams
99.1%
The Reivers
John Williams
98.9%
Star Wars: The Force Awakens
John Williams
98.1%
Star Wars: The Last Jedi
John Williams
98.1%
Star Wars: The Rise of Skywalker
John Williams
98.1%
The Fabelmans
John Williams
96.7%
Dune
Hans Zimmer
95.5%
Inception
Hans Zimmer
94.7%
Sherlock Holmes
Hans Zimmer
94.7%
Interstellar
Hans Zimmer
94.7%
The Thin Red Line
Hans Zimmer
94.7%
The Prince of Egypt
Hans Zimmer
94.7%
As Good As it Gets
Hans Zimmer
94.7%
The Preacher's Wife
Hans Zimmer
94.7%
The Lion King
Hans Zimmer
94.7%
Rain Man
Hans Zimmer
94.7%
Dunkirk
Hans Zimmer
94.4%
Saving Mr. Banks
Thomas Newman
90.3%
Skyfall
Thomas Newman
90.3%
WALL-
e
Thomas Newman
90.3%
The Good German
Thomas Newman
90.3%
Lemony Snicket's A Series of Unfortunate Events
Thomas Newman
90.3%
Finding Nemo
Thomas Newman
90.3%
Road to Perdition
Thomas Newman
90.3%
American Beauty
Thomas Newman
90.3%
Unstrung Heroes
Thomas Newman
90.3%
Little Women
Thomas Newman
90.3%
The Shawshank Redemption
Thomas Newman
90.3%
Monsters, Inc.
Randy Newman
89.9%
Pleasantville
Randy Newman
89.9%
A Bug's Life
Randy Newman
89.9%
James and the Giant Peach
Randy Newman
89.9%
Toy Story
Randy Newman
89.9%
Avalon
Randy Newman
89.9%
The Natural
Randy Newman
89.9%
Ragtime
Randy Newman
89.9%
Bridge of Spies
Thomas Newman
89.7%
Passengers
Thomas Newman
89.7%
Marriage Story
Randy Newman
89.7%
1917
Thomas Newman
89.7%
Gladiator
Hans Zimmer & Lisa Gerard
87.3%
The Shape of Water
Alexandre Desplat
86.9%
Isle of Dogs
Alexandre Desplat
86.9%
Little Women
Alexandre Desplat
86.9%
Anastasia
David Newman
85.3%
Airport
Alfred Newman (post.)
84.3%
Planet of the Apes
Jerry Goldsmith
84.1%
Philomena
Alexandre Desplat
82.9%
Argo
Alexandre Desplat
82.9%
The King's Speech
Alexandre Desplat
82.9%
Avatar
James Horner
82.9%
Fantastic Mr. Fox
Alexandre Desplat
82.9%
The Grand Budapest Hotel
Alexandre Desplat
82.9%
The Imitation Game
Alexandre Desplat
82.9%
The Curious Case of Benjamin Button
Alexandre Desplat
82.9%
The Queen
Alexandre Desplat
82.9%
House of Sand and Fog
James Horner
82.9%
A Beautiful Mind
James Horner
82.9%
Titanic
James Horner
82.9%
Apollo 13
James Horner
82.9%
Braveheart
James Horner
82.9%
Field of Dreams
James Horner
82.9%
Aliens
James Horner
82.9%
Hugo
Howard Shore
82%
The Lord of the Rings: The Return of the King
Howard Shore
82%
The Lord of the Rings: The Fellowship of the Ring
Howard Shore
82%
Mank
Trent Reznor & Atticus Ross
81.3%
Oppenheimer
Ludwig Goransson
80%
The Secret of Santa Vittoria
Ernest Gold
78.4%
Soul
Jon Batiste, Trent Reznor & Atticus Ross
76.6%
The Greatest Story Ever Told
Alfred Newman
75%
How the West Was Won
Alfred Newman & Ken Darby
75%
The Diary of Anne Frank
Alfred Newman
75%
Anastasia
Alfred Newman
75%
Love is a Many-
Splendored Thing
Alfred Newman
75%
David and Bathsheba
Alfred Newman
75%
The Snake Pit
Alfred Newman
75%
Captain from Castile
Alfred Newman
75%
Milk
Danny Elfman
74.4%
Big Fish
Danny Elfman
74.4%
Good Will Hunting
Danny Elfman
74.4%
Men in Black
Danny Elfman
74.4%
Babylon
Justin Hurwitz
73.3%
The Hateful Eight
Ennio Morricone
72.9%
Malena
Ennio Morricone
72.8%
Bugsy
Ennio Morricone
72.8%
The Untouchables
Ennio Morricone
72.8%
The Mission
Ennio Morricone
72.8%
Days of Heaven
Ennio Morricone
72.8%
The Lion in Winter
John Barry
72.7%
Defiance
James Newton Howard
72.1%
Michael Clayton
James Newton Howard
72.1%
The Village
James Newton Howard
72.1%
My Best Friend's Wedding
James Newton Howard
72.1%
The Fugitive
James Newton Howard
72.1%
The Prince of TIdes
James Newton Howard
72.1%
Film
Answer
% Correct
News of the World
James Newton Howard
72%
Up
Michael Giacchino
71.4%
Ratatouille
Michael Giacchino
71.4%
The Hunchback of Notre Dame
Alan Menken
71.4%
Pocahontas
Alan Menken
71.4%
Aladdin
Alan Menken
71.4%
Beauty and the Beast
Alan Menken
71.4%
The Little Mermaid
Alan Menken
71.4%
Mulan
Jerry Goldsmith
70.3%
LA Confidential
Jerry Goldsmith
70.3%
Hoosiers
Jerry Goldsmith
70.3%
Under Fire
Jerry Goldsmith
70.3%
Poltergeist
Jerry Goldsmith
70.3%
Star Trek: The Motion Picture
Jerry Goldsmith
70.3%
The Boys from Brazil
Jerry Goldsmith
70.3%
The Omen
Jerry Goldsmith
70.3%
The Wind and the Lion
Jerry Goldsmith
70.3%
Chinatown
Jerry Goldsmith
70.3%
Papillon
Jerry Goldsmith
70.3%
Patton
Jerry Goldsmith
70.3%
The Social Network
Trent Reznor & Atticus Ross
68.2%
Chaplin
John Barry
63.8%
Dances With Wolves
John Barry
63.8%
Out of Africa
John Barry
63.8%
Mary, Queen of the Scots
John Barry
63.8%
Thoroughly Modern Millie
Elmer Bernstein
63.6%
Forrest Gump
Alan Silvestri
62.7%
Hawaii
Elmer Bernstein
62.5%
The Sand Pebbles
Jerry Goldsmith
62.5%
It's a Mad, Mad, Mad, Mad World
Ernest Gold
62.5%
Freud
Jerry Goldsmith
62.5%
To Kill a Mockingbird
Elmer Bernstein
62.5%
Summer and Smoke
Elmer Bernstein
62.5%
Exodus
Ernest Gold
62.5%
The Magnificent Seven
Elmer Bernstein
62.5%
On the Beach
Ernest Gold
62.5%
The Man with the Golden Arm
Elmer Bernstein
62.5%
On the Waterfront
Leonard Bernstein
62.5%
The Power of the Dog
Jonny Greenwood
61.8%
Black Panther
Ludwig Goransson
60.7%
Anna and the King of Siam
Bernard Herrmann
60%
Far from Heaven
Elmer Bernstein
59.9%
The Age of Innocence
Elmer Bernstein
59.9%
In Cold Blood
Quincy Jones
58%
Phantom Thread
Jonny Greenwood
57.9%
The Godfather: Part II
Nino Rota & Carmine Coppola
56.5%
Chariots of Fire
Vangelis
56.2%
Basic Instinct
Maurice Jarre
55.1%
Ghost
Maurice Jarre
55.1%
Gorillas in the Mist: The Dian Fossey Story
Maurice Jarre
55.1%
Witness
Maurice Jarre
55.1%
A Passage to India
Maurice Jarre
55.1%
Mohammed: Messenger of God (The Messenger)
Maurice Jarre
55.1%
Parallel Mothers
Alberto Iglesias
55.1%
The Color Purple
Quincy Jones et al
53.5%
Carol
Carter Burwell
53.3%
Three Billboards Outside Ebbing, Missouri
Carter Burwell
53.3%
Chocolat
Rachel Portman
52.5%
The Cider House Rules
Rachel Portman
52.5%
Emma
Rachel Portman
52.5%
Notes on a Scandal
Philip Glass
52.1%
The Hours
Philip Glass
52.1%
Kundun
Philip Glass
52.1%
Obsession
Bernard Herrmann
51.8%
Taxi Driver
Bernard Herrmann
51.8%
La La Land
Justin Hurwitz
51.4%
127 Hours
A.R. Rahman
51.2%
Slumdog Millionaire
A.R. Rahman
51.2%
The Banshees of Inisherin
Carter Burwell
50%
Doctor Zhivago
Maurice Jarre
50%
The Pink Panther
Henry Mancini
50%
Lawrence of Arabia
Maurice Jarre
50%
Breakfast at Tiffany's
Henry Mancini
50%
BlacKkKlansman
Terence Blanchard
49.5%
Da 5 Bloods
Terence Blanchard
49.5%
10
Henry Mancini
48.2%
I Girasoli (Sunflower)
Henry Mancini
48.2%
Frida
Elliot Goldenthal
44.2%
Michael Collins
Elliot Goldenthal
44.2%
Interview with a Vampire: The Vampire Chronicles
Elliot Goldenthal
44.2%
How to Train Your Dragon
John Powell
42.4%
Cold Mountain
Gabriel Yared
42.4%
The Talented Mr. Ripley
Gabriel Yared
42.4%
The English Patient
Gabriel Yared
42.4%
Hamlet
Patrick Doyle
42.2%
Sense and Sensibility
Patrick Doyle
42.2%
Mary Poppins Returns
Marc Shaiman
42.1%
Anna Karenina
Dario Marianelli
41.5%
Atonement
Dario Marianelli
41.5%
Pride & Prejudice
Dario Marianelli
41.5%
Butch Cassidy and the Sundance Kid
Burt Bacharach
40.9%
The Thomas Crown Affair
Michel Legrand
40.9%
Killers of the Flower Moon
Robbie Robertson
40%
Limelight
Charlie Chaplin, Raymond Rasch & Larry Russell
39.9%
The Shoes of the Fisherman
Alex North
39.8%
Crouching Tiger, Hidden Dragon
Tan Dun
39.6%
Under the Volcano
Alex North
39.2%
Dragonslayer
Alex North
39.2%
Bite the Bullet
Alex North
39.2%
Shanks
Alex North
39.2%
Born Free
John Barry
37.5%
The Umbrellas of Cherbourg
Jacques Demy & Michel Legrand
37.5%
Perri
Paul Smith
37.5%
The Spy Who Loved Me
Marvin Hamlisch
37.3%
The Way We Were
Marvin Hamlisch
37.3%
Don't Look Up
Nicholas Britell
37.1%
Moonlight
Nicholas Britell
36.4%
If Beale Street Could Talk
Nicholas Britell
36.4%
The Fox
Lalo Schifrin
36.4%
Cool Hand Luke
Lalo Schifrin
36.4%
The Last Emperor
David Byrne, Ryuichi Sakamoto & Cong Su
35.9%
Midnight Express
Giorgio Moroder
35.9%
Joker
Hildur Gudnadottir
35.5%
Babel
Gustavo Santaolalla
35.5%
Brokeback Mountain
Gustavo Santaolalla
35.5%
The Theory of Everything
Johann Johannsson
35.3%
Gravity
Steven Price
34.8%
Tinker Tailor Soldier Spy
Alberto Iglesias
34.6%
The Kite Runner
Alberto Iglesias
34.6%
The Constant Gardener
Alberto Iglesias
34.6%
Far From the Madding Crowd
Richard Rodney Bennett
34.1%
Everything Everywhere All at Once
Son Lux
33.3%
Life of Pi
Mychael Danna
32.5%
The Firm
Dave Grusin
32.5%
Havana
Dave Grusin
32.5%
The Fabulous Baker Boys
Dave Grusin
32.5%
The Milagro Beanfield War
Dave Grusin
32.5%
On Golden Pond
Dave Grusin
32.5%
The Champ
Dave Grusin
32.5%
Heaven Can Wait
Dave Grusin
32.5%
The Wild Bunch
Jerry Fielding
31.8%
The Right Stuff
Bill Conti
31.3%
Sicario
Johann Johannsson
30.8%
The Amityville Horror
Lalo Schifrin
30.4%
Voyage of the Damned
Lalo Schifrin
30.4%
Film
Answer
% Correct
The Red Violin
John Corigliano
30.2%
Summer of '42
Michel Legrand
30.2%
Shaft
Isaac Hayes
30%
Patch Adams
Marc Shaiman
29.7%
The First Wives Club
Marc Shaiman
29.7%
The American President
Marc Shaiman
29.7%
'Round Midnight
Herbie Hancock
29.7%
The Fisher King
George Fenton
27.4%
Dangerous Liaisons
George Fenton
27.4%
Anne of the Thousand Days
Georges Delerue
27.3%
Doctor Dolittle
Leslie Bricusse
27.3%
Life is Beautiful
Nicola Piovani
27.2%
3:10 to Yuma
Marco Beltrami
26.7%
Finding Neverland
Jan AP Kaczmarek
26.7%
The Passion of the Christ
John Debney
26.7%
Gandhi
George Fenton & Ravi Shankar
26.7%
Cry Freedom
George Fenton & Jonas Gwanga
26.5%
Agnes of God
Georges Delerue
25.6%
A Little Romance
Georges Delerue
25.6%
Julia
Georges Delerue
25.6%
The Day of the Dolphin
Georges Delerue
25.6%
Who's Afraid of Virginia Woolf?
Alex North
25%
The Agony and the Ecstasy
Alex North
25%
The Fall of the Roman Empire
Dimitri Tiomkin
25%
Mary Poppins
Robert & Richard Sherman
25%
55 Days at Peking
Dimitri Tiomkin
25%
Cleopatra
Alex North
25%
The Guns of Navarone
Dimitri Tiomkin
25%
The Alamo
Dimitri Tiomkin
25%
Spartacus
Alex North
25%
Giant
Dimitri Tiomkin
25%
The Rainmaker
Alex North
25%
The Rose Tattoo
Alex North
25%
The High and the Mighty
Dimitri Tiomkin
25%
High Noon
Dimitri Tiomkin
25%
Viva Zapata!
Alex North
25%
Death of a Salesman
Alex North
25%
A Streetcar Named Desire
Alex North
25%
All About Eve
Alex North
25%
The Hurt Locker
Marco Beltrami & Buck Sanders
24.7%
The Full Monty
Anne Dudley
24.4%
Love Story
Francis Lai
24%
Star Trek IV: The Voyage Home
Leonard Rosenman
22.8%
Cross Creek
Leonard Rosenman
22.8%
The Artist
Ludovic Bource
22.6%
A River Runs Through It
Mark Isham
22.1%
The Outlaw Josey Wales
Jerry Fielding
22.1%
Straw Dogs
Jerry Fielding
22.1%
The Remains of the Day
Richard Robbins
21.7%
Howards End
Richard Robbins
21.7%
Murder on the Orient Express
Richard Rodney Bennett
21.7%
Nicholas & Alexandra
Richard Rodney Bennett
21.7%
Terms of Endearment
Michael Gore
21.2%
Fame
Michael Gore
21.2%
The Elephant Man
John Morris
20.5%
Il Postino (The Postman)
Luis Enriquez Bacalov
20.3%
Humoresque
Franz Waxman
20%
Her
Win Butler & Owen Pallett
18.9%
Jackie
Mica Levi
18.7%
Pan's Labyrinth
Javier Navarrete
18.4%
Lion
Dustin O'Halloran & Hauschka
17.8%
Minari
Emile Mosseri
17.8%
Mr. Turner
Gary Yershon
17.5%
Shakespeare in Love
Stephen Warbeck
17.5%
Encanto
Germaine Franco
16.9%
Elizabeth
David Hirschfelder
16.6%
Shine
David Hirschfelder
16.6%
Sleuth
John Addison
16.4%
Sophie's Choice
Marvin Hamlisch
15.2%
An Officer and a Gentleman
Jack Nitzsche
14.1%
One Flew Over the Cuckoo's Nest
Jack Nitzsche
14.1%
All Quiet on the Western Front
Volker Bertelmann (Hauschka)
13.3%
Silverado
Bruce Broughton
12.7%
Tess
Philippe Sarde
12.7%
Taras Bulba
Franz Waxman
12.5%
El Cid
Miklos Rozsa
12.5%
Ben-
Hur
Miklos Rozsa
12.5%
The Nun's Story
Franz Waxman
12.5%
The Young Foxes
Hugo Friedhofer
12.5%
The Bridge on the River Kwai
Malcolm Arnold
12.5%
An Affair to Remember
Hugo Friedhofer
12.5%
Boy on a Dolphin
Hugo Friedhofer
12.5%
Raintree County
Johnny Green
12.5%
Between Heaven and Hell
Hugo Friedhofer
12.5%
Battle Cry
Max Steiner
12.5%
The Caine Mutiny
Max Steiner
12.5%
The Silver Chalice
Franz Waxman
12.5%
Above and Beyond
Hugo Friedhofer
12.5%
Julius Caesar
Miklos Rozsa
12.5%
Ivanhoe
Miklos Rozsa
12.5%
The Miracle of Our Lady Fatima
Max Steiner
12.5%
A Place in the Sun
Franz Waxman
12.5%
Quo Vadis
Miklos Rozsa
12.5%
The Flame and the Arrow
Max Steiner
12.5%
Sunset Boulevard
Franz Waxman
12.5%
Joan of Arc
Hugo Friedhofer
12.5%
Johnny Belinda
Max Steiner
12.5%
The Bishop's Wife
Hugo Friedhofer
12.5%
A Double Life
Miklos Rozsa
12.5%
Life with Father
Max Steiner
12.5%
Altered States
John Corigliano
12.4%
A Touch of Class
John Cameron
10.8%
Cromwell
Frank Cordell
8.5%
Birds Do It, Bees Do It
Gerald Fried
7.8%
Napoleon and Samantha
Buddy Baker
7.8%
The Bible: In the Beginning...
Toshiro Mayuzumi
0%
A Patch of Blue
Jerry Goldsmith
0%
Becket
Laurence Rosenthal
0%
Hush...Hush, Sweet Charlotte
Frank De Vol
0%
Tom Jones
John Addison
0%
Mutiny on the Bounty
Bronislaw Kaper
0%
Fanny
Morris Stoloff & Harry Sukman
0%
Elmer Gantry
Andre Previn
0%
Pillow Talk
Frank De Vol
0%
The Big Country
Jerome Moross
0%
The Old Man and the Sea
Dimitri Tiomkin
0%
Separate Tables
David Raksin
0%
White Wilderness
Oliver Wallace
0%
Around the World in Eighty Days
Victor Young
0%
Picnic
George Duning
0%
Genevieve
Larry Adler
0%
From Here to Eternity
George Duning & Morris Stoloff
0%
Lili
Bronislaw Kaper
0%
This is Cinerama
Louis Forbes
0%
The Thief
Herschel Burke Gilbert
0%
No Sad Songs for Me
George Duning
0%
Samson and Delilah
Victor Young
0%
Hamlet
William Walton
0%
The Red Shoes
Brian Easdale
0%
Forever Amber
David Raksin
0%
The Best Years of Our Lives
Hugo Friedhofer
0%
Henry V
William Walton
0%
The Killers
Miklos Rozsa
0%
Poor Things
Jerskin Fendrix
0%
American Fiction
Laura Karpman
0%
Quiz Playlist
Details
Report
Send in Message
Add To Playlist
Classic:
Type in answers that appear in a list
Random Order:
Randomize order of answers
Last Updated: Jan 24, 2024
Quiz Scoreboard
CHALLENGE
Sign Up to Join the Scoreboard
Show All
Scores
Hide
Comments
May contain spoilers
Recently Published
An Introduction to Baseball
by treessimontrees
Sports
5m
Movies - When Are They Set?
by FPL_Elf
Movies
5m
Popular People in 1961
by mucciniale
History
6m
More to Explore
Quiz From the Vault
Featured Blog Post
Where Did the Easter Bunny Come From?
hide this ad
You Might Also Like...
Tags
Nominee Quiz
Oscar Quiz
original
score
Today's Top Quizzes in Movies
Browse Movies
hide this ad
Today's Top Quizzes in Oscar
Browse Oscar
Top Contributed Quizzes in Movies
1
Pick 5 Posters: Directed by Spielberg
2
Multi-Oscar Nominations, One Movie, One Winner
3
12 Movies about Fictional 1960s Events
4
One Thing in Common: Movies
5
Sunday Crossword: Film Score Composers
6
One Thing in Common: Movies II
7
Pick 5 Posters: Lowest-Rated Spielberg
8
Three Word 'H' Movies Match Up
9
Three Word 'T' Movies Match Up
10
7-to-1: Pixar Characters
Explore More
Trending Topics
Harry Potter
Crossword
NBA
Kpop
Disney
Anime
Marvel
Country
The Office
Pokémon
Soccer
Song
NFL
WWE
Puzzle
hide this ad
More By:
EugeneSMcFly
Quiz
Plays
Rating
Category
Featured
Created
Oscar Nominees for Best Original Score
435
4.43
Movies
Sep 29, 2015
NFL Top 10: Best Quarterbacks
141
3.75
Sports
Aug 18, 2021
NFL Top 10: Player Comebacks
79
Sports
Aug 18, 2021
NFL Playoffs Starting QBs 2020
54
Sports
Jan 16, 2022
NFL Playoffs Starting QBs 2021
53
Sports
Jan 16, 2022
Go to Creator's Profile
Score Distribution
Quiz Creator Spotlight
EugeneSMcFly
Follow
Send a Message
Quizzes Created
-
Created Quiz Play Count
-
More By This Creator
Popular Quizzes Today
1
Find the Countries of Europe - No Outlines Minefield
2
Find the US States - No Outlines Minefield
3
The Countries of the World
4
Popular People in 1961
5
US States
6
1-10 Letter E Words III
7
Find the US States
8
One Thing in Common: World Cities II
More Movies Quizzes
Odd One Out: Actors and Actresses in Movies
Published
Trending Quizzes
Risky Map Clicking: Least Populous States A-Z
1-10 Letter F Words
1-10 Letter G Words
One Thing in Common: United Kingdom
Risky Map Clicking: Next State Alphabetically
Recently Updated
Leaping Animals
pecheneg
Reality TV Shows (A-Z)
bhenderson79
Rickey Henderson's Hall of Fame Teammates
pecheneg
Champions League XIs: Arsenal
pecheneg
Quick Pick: Celebrities in WWE's Hall of Fame
aduchscher
A-Z Keypad Blitz II
pecheneg
Multiple Oscar Actors
pecheneg
Mystery Phrase Blitz: Oscar 'Best Actors'
pecheneg
F. Scott Fitzgerald Novels
LTH
Pick 3 Villains
ddd62291
Trending Topics
Anime
Kpop
NBA
Harry Potter
Marvel
Disney
Crossword
Puzzle
Song
WWE
Country
The Office
Pokémon
Soccer
NFL
Your Account Isn't Verified!
In order to create a playlist on Sporcle, you need to verify the email address you used during registration. Go to your
Sporcle Settings
to finish the process.
Report this User
Report this user for behavior that violates our
Community Guidelines
.
Details:
Send Report
Go to the Sporcle.com Mobile Site →
Comments